Pedagogía de la autonomía: (Record no. 1426)
[ view plain ]
| 000 -LEADER | |
|---|---|
| campo de control de longitud fija | 00784nam a22001577a 4500 |
| 008 - DATOS DE LONGITUD FIJA--INFORMACIÓN GENERAL | |
| campo de control de longitud fija | 180427b xxu||||| |||| 00| 0 eng d |
| 020 ## - NÚMERO INTERNACIONAL ESTÁNDAR DEL LIBRO | |
| Número Internacional Estándar del Libro | 9786070304187 |
| 082 ## - NÚMERO DE LA CLASIFICACIÓN DECIMAL DEWEY | |
| Número de clasificación | 370.115 |
| Número de ítem | F866p |
| 100 ## - ENTRADA PRINCIPAL--NOMBRE DE PERSONA | |
| Nombre de persona | Freire, Paulo |
| 9 (RLIN) | 6237 |
| 245 ## - MENCIÓN DEL TÍTULO | |
| Título | Pedagogía de la autonomía: |
| Resto del título | Saberes necesarios para la práctica educativa |
| 260 ## - PUBLICACIÓN, DISTRIBUCIÓN, ETC. | |
| Lugar de publicación, distribución, etc. | México |
| Nombre del editor, distribuidor, etc. | Siglo Veintiuno Editores |
| Fecha de publicación, distribución, etc. | 2012 |
| 300 ## - DESCRIPCIÓN FÍSICA | |
| Extensión | 136 p. |
| Dimensiones | 21 cm. |
| 505 ## - NOTA DE CONTENIDO CON FORMATO | |
| Título | Prólogo |
| Mención de responsabilidad | Edina Castro de Oliveira |
| Título | Primeras palabras |
| Mención de responsabilidad | Paulo Freire |
| Título | I. No hay docencia sin discencia |
| -- | II. Enseñar no es transferir conocimiento |
| -- | III. Enseñar es una especificidad humana |
| 650 ## - PUNTO DE ACCESO ADICIONAL DE MATERIA--TÉRMINO DE MATERIA | |
| Fuente del encabezamiento o término | Educación |
| Subdivisión general | Educación-responsabilidad social |
| -- | Pedagogía crítica |
| -- | Filosofía de la educación |
| -- | Objetivos educativos |
| 9 (RLIN) | 6240 |
| 700 ## - ENTRADA AGREGADA--NOMBRE PERSONAL | |
| Nombre de persona | Palacios, Guillermo (Traductor) |
| 9 (RLIN) | 6241 |
| Estatus retirado | Estado de pérdida | Fuente del sistema de clasificación o colocación | Estado de daño | No para préstamo | Biblioteca de origen | Biblioteca actual | Ubicación en estantería | Fecha de adquisición | Total de préstamos | Signatura topográfica completa | Código de barras | Visto por última vez | Fecha del último préstamo | Precio de reemplazo | Tipo de ítem Koha |
|---|---|---|---|---|---|---|---|---|---|---|---|---|---|---|---|
| Clasificación Decimal Dewey | Biblioteca LadoV | Biblioteca LadoV | 27/04/2018 | 1 | 370.115 F866p | 004576 | 06/09/2019 | 31/08/2019 | 27/04/2018 | Material 01 |
